000
00511nam a2200169Ia 4500
008
090711s9999 xx 000 0 und d
082
_b
58595
100
_a
माडगूळकर गजानन दि.
245
_a
गीतगोपाळ
260
_c
1967
300
_a
70
600
_a
माडगूळकर गजानन दि.
630
_a
गीतगोपाळ
700
_a
माडगूळकर गजानन दि.
730
_a
गीतगोपाळ
942
_c
BOOK
999
_c
291250
_d
291250